000 00472nam a2200169Ia 4500
999 _c28135
_d28135
003 OSt
005 20210104120026.0
008 190216s9999||||xx |||||||||||||| ||und||
040 _coclc
082 _a894.8121
_bCHA/M
100 _aChandran, P N
_97624
245 0 _aMalineeyam /
_cP N Chandran
260 _bPoorna Publications,
_c2000.
_aKozhikode:
300 _a80p
650 _aKavithkal
942 _cBK
_2ddc
_h894.8121
_iCHA/M
_k894.8121
_mCHA/M